Applied Optimization:High performance algorithms and software for nonlinear optimization / (Record no. 30295)

000 -LEADER
fixed length control field 00768 a2200229 4500
020 ## - INTERNATIONAL STANDARD BOOK NUMBER
International Standard Book Number 1402075324
020 ## - INTERNATIONAL STANDARD BOOK NUMBER
International Standard Book Number 9781402075322
082 ## - DEWEY DECIMAL CLASSIFICATION NUMBER
Classification number 004.3
090 ## - LOCALLY ASSIGNED LC-TYPE CALL NUMBER (OCLC); LOCAL CALL NUMBER (RLIN)
-- 1687
-- 1687
100 ## - MAIN ENTRY--PERSONAL NAME
Personal name Gianni Di Pillo
245 10 - TITLE STATEMENT
Title Applied Optimization:High performance algorithms and software for nonlinear optimization /
Statement of responsibility, etc. Gianni Pillo, Almerico Murli.
250 ## - EDITION STATEMENT
Edition statement 2003th ed.
260 ## - PUBLICATION, DISTRIBUTION, ETC.
Place of publication, distribution, etc. [S.l.] :
Name of publisher, distributor, etc. Springer,
Date of publication, distribution, etc. 2003.
300 ## - PHYSICAL DESCRIPTION
Extent 416 p. ;
Dimensions 25 cm.
490 1# - SERIES STATEMENT
Series statement Applied optimization.
700 1# - ADDED ENTRY--PERSONAL NAME
Personal name Pillo, Gianni.
700 1# - ADDED ENTRY--PERSONAL NAME
Personal name Murli, Almerico.
830 #0 - SERIES ADDED ENTRY--UNIFORM TITLE
Uniform title Applied optimization.
856 40 - ELECTRONIC LOCATION AND ACCESS
Materials specified Amazon.com
942 ## - ADDED ENTRY ELEMENTS (KOHA)
Institution code [OBSOLETE] SNS
Koha item type Book
Call number prefix 004.3 DIL
Holdings
Withdrawn status Lost status Damaged status Not for loan Permanent Location Current Location Date acquired Total Checkouts Full call number Barcode Date last seen Price effective from Koha item type
        School of Natural Sciences (SNS) School of Natural Sciences (SNS) 05/26/2016   004.3 DIL SNS0001892 05/26/2016 05/26/2016 Book
© 2023 Central Library, National University of Sciences and Technology. All Rights Reserved.